000 00243nam a22000857a 4500
008 160917b xxu||||| |||| 00| 0 eng d
100 _9626
_aTayal B.B
245 _aIndian Constitution & Political Theory-XI
260 _aNew Delhi
_bAP publication
_c2009
999 _c3285
_d3285